000
00329 a2200157 4500
001
60875
020
_a
9788561635831
040
_c
Anchieta - Pituba
100
_a
Heidelbach, Nikolaus
240
1
0
_a
Franz Kafka
_l
por
245
1
0
_a
Franz Kafka
300
_a
117
362
0
_a
2010
650
4
_a
Literatura alemã
942
_c
BK
999
_c
60875
_d
60875